| 000 | 00862nam a2200277 i 4500 | ||
|---|---|---|---|
| 001 | 11456 | ||
| 003 | ES-MaACL | ||
| 005 | 20250802233213.0 | ||
| 007 | t| | ||
| 008 | 921030s1992 sp |||| | spa j | ||
| 020 | _a84-7100-277-9 | ||
| 080 | _a528.9(091) | ||
| 080 | _a912(7/8)"14/18" | ||
| 100 | 1 |
_aRivera Novo, Belén. _997660 |
|
| 245 | 1 | 0 |
_aCuatro siglos de cartografía en América / _cBelén Rivera Novo, Luisa Martín-Merás. |
| 260 |
_aMadrid : _bMAPFRE, _c[1992] |
||
| 300 |
_a268 p. : _bil., map. ; _c23 cm. |
||
| 490 | 1 |
_aMar y América ; _v16 |
|
| 500 | _aÍndices. | ||
| 504 | _aBibliografía: p. 249-254. | ||
| 650 | 4 |
_aCartografía- _zAmérica- _vHistoria. _9165483 |
|
| 700 | 1 |
_aMartín Merás, Luisa _9179098 |
|
| 830 | 0 | 0 |
_aColección Mar y América _v16 _9228196 |
| 852 |
_aES-MaACL _jL-18781 |
||
| 999 |
_c11456 _d11456 |
||